00915cam a2200181 a 4500020001500000040000900015082002600024110001900050245034400069260011300413300002500526490001400551500006000565500003400625650001700659650003000676650002700706 a0160441080 cDGPO a351 FOR 1994 A067 Or.1 aUnited States.10aCreating public service jobs :bhearing before the Subcommittee on Employment and Productivity of the Committee on Labor and Human Resources, United States Senate, One Hundred Third Congress, second session, on examining proposals to reform the current welfare system and the system of producing public sector employment, January 27, 1994. aWashington :bU.S. G.P.O. :bFor sale by the U.S. G.P.O., Supt. of Docs., Congressional Sales Office,c1994. aiii, 66 p. ;c24 cm.1 aS. hrg. ; aDistributed to some depository libraries in microfiche. aShipping list no.: 94-0143-P. 0aJob creation 0aPublic service employment 0aUnemployment and crime